Effective project management : (Record no. 276954)
[ view plain ]
| 000 -LEADER | |
|---|---|
| fixed length control field | 00896nam a22002655i 4500 |
| 001 - CONTROL NUMBER | |
| control field | 17923050 |
| 005 - DATE AND TIME OF LATEST TRANSACTION | |
| control field | 20141211163500.0 |
| 008 - FIXED-LENGTH DATA ELEMENTS--GENERAL INFORMATION | |
| fixed length control field | 131030s2013 inu 000 0 eng |
| 010 ## - LIBRARY OF CONGRESS CONTROL NUMBER | |
| LC control number | 2013954088 |
| 020 ## - INTERNATIONAL STANDARD BOOK NUMBER | |
| International Standard Book Number | 9781118729168 (pbk. : alk. paper) |
| 020 ## - INTERNATIONAL STANDARD BOOK NUMBER | |
| International Standard Book Number | 1118729161 (pbk. : alk. paper) |
| 040 ## - CATALOGING SOURCE | |
| Original cataloging agency | DLC |
| Language of cataloging | eng |
| Description conventions | rda |
| Transcribing agency | DLC |
| 042 ## - AUTHENTICATION CODE | |
| Authentication code | pcc |
| 050 ## - LIBRARY OF CONGRESS CALL NUMBER | |
| Classification number | HD 69.P75 |
| Item number | .W994 2014 |
| 100 1# - MAIN ENTRY--PERSONAL NAME | |
| Personal name | Wysocki, Robert K. |
| 245 10 - TITLE STATEMENT | |
| Title | Effective project management : |
| Remainder of title | traditional, agile, extreme / |
| Statement of responsibility, etc | Robert K Wysocki. |
| 250 ## - EDITION STATEMENT | |
| Edition statement | 7th ed. |
| 260 ## - PUBLICATION, DISTRIBUTION, ETC. (IMPRINT) | |
| Place of publication, distribution, etc | India : |
| Name of publisher, distributor, etc | John Wiley & Sons, Inc., |
| Date of publication, distribution, etc | 2014. |
| 300 ## - PHYSICAL DESCRIPTION | |
| Extent | xlii, 726 pages : |
| Other physical details | illustration ; |
| Dimensions | 23 cm. |
| 504 ## - BIBLIOGRAPHY, ETC. NOTE | |
| Bibliography, etc | Includes Index and Bibliographical References. |
| 650 ## - SUBJECT ADDED ENTRY--TOPICAL TERM | |
| Topical term or geographic name as entry element | Project Management |
| General subdivision | Traditional |
| -- | Agile |
| -- | Extreme. |
| 906 ## - LOCAL DATA ELEMENT F, LDF (RLIN) | |
| a | 0 |
| b | ibc |
| c | orignew |
| d | 2 |
| e | epcn |
| f | 20 |
| g | y-gencatlg |
| 942 ## - ADDED ENTRY ELEMENTS (KOHA) | |
| Source of classification or shelving scheme | Library of Congress Classification |
| Koha item type | Books |
| Call number prefix | Foreign |
| Withdrawn status | Lost status | Source of classification or shelving scheme | Damaged status | Home library | Current library | Shelving location | Date acquired | Source of acquisition | Cost, normal purchase price | Total Checkouts | Full call number | Barcode | Date last seen | Price effective from | Koha item type |
|---|---|---|---|---|---|---|---|---|---|---|---|---|---|---|---|
| Library of Congress Classification | College Library | College Library | Graduate Section | 09/29/2014 | Library Fund | 5521.00 | HD 69.P75 .W994 2014 | C18707 | 03/14/2017 | 09/29/2014 | Books | ||||
| Library of Congress Classification | College Library | College Library | Reserve Section | 12/11/2014 | Library Fund | 5521.00 | HD 69.P75 .W994 2014 | C19032 | 12/11/2014 | 12/11/2014 | Books |